Every Premier League Goalscorer for Sheffield Wednesday - Statistics

General Stats
  • This quiz has been taken 54 times
  • The average score is 27 of 58
Answer Stats
Player % Correct
David Hirst
87%
Chris Waddle
80%
Paolo Di Canio
80%
Benito Carbone
77%
Carlton Palmer
73%
Mark Bright
73%
Andy Booth
70%
Chris Bart-Williams
70%
Michael Williams
67%
Paul Williams
67%
Danny Wilson
63%
Nigel Pearson
63%
Nigel Worthington
63%
Ryan Jones
60%
Ian Nolan
57%
John Harkes
57%
John Sheridan
57%
Wim Jonk
57%
Niclas Alexandersson
53%
Regi Blinker
53%
Andy Hinchcliffe
50%
Emerson Thome
50%
Guy Whittingham
50%
Ian Taylor
50%
Peter Atherton
50%
Gilles De Bilde
47%
Mark Pembridge
47%
Petter Rudi
47%
Roland Nilsson
47%
Viv Anderson
47%
Andy Pearce
43%
Dan Petrescu
43%
Gordon Watson
43%
Graham Hyde
43%
Jon Newsome
43%
Paul Warhurst
43%
Gerald Sibon
40%
Julian Watts
40%
Marc Degryse
40%
Alan Quinn
37%
Phil King
37%
Ritchie Humphries
37%
Orlando Trustfull
33%
Wayne Collins
33%
Danny Sonner
30%
Darko Kovačević
30%
Dejan Stefanović
30%
Lee Briscoe
30%
Simon Donnelly
30%
Jim Magilton
27%
Richard Cresswell
27%
Francesco Sanetti
23%
Klas Ingesson
23%
Nigel Jemson
23%
O’Neill Donaldson
23%
Phillip Scott
23%
Simon Coleman
20%
Scott Oakes
17%
No matching quizzes found
Score Distribution
Percent of People with Each Score
Percentile by Number Answered
Your Score History
You have not taken this quiz